5HLuxD.jpg

KING HENRY VIII SENIOR AND PRIMARY SCHOOL LIBRARY OPAC

Timelines of world history : (Record no. 381)

000 -LEADER
fixed length control field 01389pam a2200385 i 4500
001 - CONTROL NUMBER
control field 020608889
003 - CONTROL NUMBER IDENTIFIER
control field UkOxU
005 - DATE AND TIME OF LATEST TRANSACTION
control field 20190808111418.0
008 - FIXED-LENGTH DATA ELEMENTS--GENERAL INFORMATION
fixed length control field 160112s2016 enkab j 001 0 eng d
015 ## - NATIONAL BIBLIOGRAPHY NUMBER
National bibliography number GBB616589
Source bnb
016 7# - NATIONAL BIBLIOGRAPHIC AGENCY CONTROL NUMBER
Record control number 017726251
Source Uk
020 ## - INTERNATIONAL STANDARD BOOK NUMBER
International Standard Book Number 9781474903936 (hardback)
035 ## - SYSTEM CONTROL NUMBER
System control number (Uk)017726251
040 ## - CATALOGING SOURCE
Original cataloging agency StDuBDS
Language of cataloging eng
Transcribing agency StDuBDS
Modifying agency Uk
Description conventions rda
042 ## - AUTHENTICATION CODE
Authentication code ukblsr
082 04 - DEWEY DECIMAL CLASSIFICATION NUMBER
Classification number 909 CHI
Edition number 23
100 1# - MAIN ENTRY--PERSONAL NAME
Personal name Chisholm, Jane,
Relator term author.
245 10 - TITLE STATEMENT
Title Timelines of world history :
Remainder of title from stone age to millennium /
Statement of responsibility, etc. Jane Chisholm ; designed by Keith Newell, Mike Olley, Melissa Alaverdy, Robin Farrow & Julia Rheam ; history consultant: Dr. Anne Millard.
246 13 - VARYING FORM OF TITLE
Title proper/short title Usborne timelines of world history
250 ## - EDITION STATEMENT
Edition statement [New edition].
264 #1 - PRODUCTION, PUBLICATION, DISTRIBUTION, MANUFACTURE, AND COPYRIGHT NOTICE
Place of production, publication, distribution, manufacture London :
Name of producer, publisher, distributor, manufacturer Usborne Publishing Ltd.,
Date of production, publication, distribution, manufacture, or copyright notice 2016.
300 ## - PHYSICAL DESCRIPTION
Extent 128 pages :
Other physical details illustrations (black and white, and colour), maps (colour) ;
Dimensions 31 cm
336 ## - CONTENT TYPE
Content type term text
Source rdacontent
336 ## - CONTENT TYPE
Content type term still image
Source rdacontent
336 ## - CONTENT TYPE
Content type term cartographic image
Source rdacontent
337 ## - MEDIA TYPE
Media type term unmediated
Source rdamedia
338 ## - CARRIER TYPE
Carrier type term volume
Source rdacarrier
500 ## - GENERAL NOTE
General note Includes index.
500 ## - GENERAL NOTE
General note Formerly CIP.
Institution to which field applies Uk
650 #0 - SUBJECT ADDED ENTRY--TOPICAL TERM
Topical term or geographic name entry element World history
Form subdivision Juvenile literature.
650 #0 - SUBJECT ADDED ENTRY--TOPICAL TERM
Topical term or geographic name entry element Chronology, Historical
Form subdivision Juvenile literature.
700 ## - ADDED ENTRY--PERSONAL NAME
Personal name Millard, Anne
Relator term History consultant
942 ## - ADDED ENTRY ELEMENTS (KOHA)
Source of classification or shelving scheme
Koha item type Books - Non Ficton
Holdings
Withdrawn status Lost status Source of classification or shelving scheme Damaged status Not for loan Collection code Permanent Location Current Location Shelving location Date acquired Full call number Barcode Date last seen Price effective from Koha item type
          Non-Fiction KH8 Senior School Library KH8 Senior School Library Non Fiction 2019-08-08 909 CHI 3KHSL000100309 2019-08-08 2019-08-08 Books - Non Ficton

Powered By KH8 IT Dept